Four months afoot in Spain

Salvato in:
Dettagli Bibliografici
Autore principale: Franck, Harry A (Autore)
Natura: Libro
Lingua:inglese
Pubblicazione: Nueva York Garden City Publishing 1911
Soggetti:
Tags: Aggiungi Tag
Nessun Tag, puoi essere il primo ad aggiungerne!!

MARC

LEADER 00000nam a2200000 a 4500
001 UCQ4428
003 CL-VaPUC
008 980904e19110000US |||||||||||||||||eng|d
082 0 4 |a 813  |b FRA  |2 21 
100 0 |a Franck, Harry A  |e author  |9 418645 
245 1 0 |a Four months afoot in Spain 
300 |a 292 p 
942 |c BK 
945 |d 19980904 00:00:00  |a crobeson 
260 |a Nueva York  |b Garden City Publishing  |c 1911 
650 0 |a Novelas estadounidenses  |9 265217 
650 0 |a Literatura estadounidense  |9 317168 
583 |a last modification  |c 19980904 00:00:00  |k Rodrigo Vera 
999 |c 274804  |d 274802 
952 |0 0  |1 0  |4 0  |6 813_000000000000000_FRA_1911  |7 0  |8 A  |9 311115  |a BIBEDU  |b BIBEDU  |d 2019-11-20  |i 1465058  |o 813 FRA 1911  |p 1465058  |r 2019-11-20  |w 2019-11-20  |y BK  |k LIT